Réponses alphanumériques - Statistiques

Statistiques générales
  • Ce quiz a été pris 92 fois
  • Le résultat moyen est 13 sur 20
Statistiques - réponses
Indice Réponse % Correct
Eau scientifique H₂O
98%
Après le CE2 CM1
97%
Autoroute française du Soleil A6-A7
83%
Surnom de Cristiano Ronaldo CR7
83%
Baladeur numérique ou extension audio MP3
83%
Première chaîne de la TNT française TF1
80%
Droïde acolyte de C-3PO R2-D2
78%
Console de jeu la plus vendue au monde PS2
75%
"Deuche" de Citroën, de 1948 à 1990 2 CV
71%
Touche du clavier pour actualiser une page F5
69%
Deuxième plus haut sommet sur Terre K2
67%
Surclasse le réseau de téléphonie EDGE 3G
66%
Plus gros avion de transport civil, d'Airbus A380
66%
Console portable Nintendo de 2011 3DS
59%
Arme sur le drapeau du Mozambique AK-47
59%
Partenariat de puissances économiques G7
53%
Groupe de Toutes les femmes de ta vie L5
44%
Matricule d'Hubert Bonisseur de La Bath OSS 117
41%
Club parisien vainqueur du Top 14 en 2016 RC92
41%
Astéroïde d'origine du Petit Prince B612
6%
Aucun quiz correspondant
Distribution des résultats
% des personnes avec chaque résultat
Percentile par nombre de réponses
Votre historique - résultats
Vous n’avez pas pris ce quiz